000 01299nam a2200289Ia 4500
001 21675
005 20260420103828.0
008 260320s9999||||xx |||||||||||||| ||und||
020 _a9788423354252
041 _aESP
082 _a616.891
_bY19
100 _aYalom, Irvin D.,
_eAUT
245 0 _aEl don de la terapia :
_bcarta abierta a una nueva generación de terapeutas y a sus pacientes
246 _aThe gift of therapy :
_5an open letter to a new generation of therapists and their patients
250 _aPrimera edición, cuarta reimpresión
260 _aBarcelona :
_bEdiciones Destino,
_c2024
300 _a301 páginas :
_c23 cm.
440 _a(Colección Imago mundi
_v; volumen 290)
505 _aEn la portada: 4a. edición
650 _aTCA
653 _aPsicoterapia
654 _aCCS
856 _uhttps://0u20vx6qe-y-https-ebookcentral-proquest-com.itmsp.museknowledge.com/lib/catolicasp/home.action
_zVéase además: Base de datos ProQuest Ebook Central
856 _uhttps://0u20fx6qy-y-https-research-ebsco-com.itmsp.museknowledge.com/c/qxo6us/search
_zVéase además: Base de datos EBSCOhost
856 _uhttps://0u23fx6r2-y-https-www-clinicalkey-com.itmsp.museknowledge.com/student/login
_zVéase además: Base de datos ClinicalKey
942 _cLIB
_dJUS
_fMAT
_2ddc
999 _c21675
_d21675